000 00560nam a22001817a 4500
005 20251108164253.0
008 250721s1981 xx 000 0 ara d
082 1 4 _a920.056613/محم
100 1 _aمغربي، محمد علي
245 1 0 _aأعلام الحجاز في القرن الرابع عشر للهجرة /
264 1 _aجدة :
_bمطبوعات تهامة،
_c1981.
300 _a348 ص
490 0 _aسلسلة الكتاب العربي ؛ 300
650 1 7 _aالسعودية
650 1 7 _aالتراجم
942 _2ddc
_cBK
999 _c7999
_d7999